000 00657nam a22002297a 4500
005 20170124110138.0
010 _aA-709104
020 _c00.00
_a8120715071
035 _aA-709104
037 _bCen Lib/Ret
040 _aDPL
_bEN
082 _a635
_bDEY
100 _aDey, S. C.
_932608
245 _aGardening for pleasure /
_cby S. C. Dey
260 _bSterling Publishers
_aNew Delhi
_c1994
270 _bNew Delhi
_aL-10, Green Park Extension
_e110016
300 _axii,162p.
_c20cm(Hb)
500 _aIncludes index
650 _aGardening
_932609
650 _aArtificial light gardening
_932610
942 _2ddc
_cEN
_h635
_mDEY
999 _c131732
_d131732